Unilization of non-timber forest of snampreah commune bakan district pursat province, ការប្រើប្រាស់ផល-អនុផលព្រៃឈើ របស់សហគមន៍ព្រៃឈើ ឃុំស្នាមព្រះ ស្រុកបាកាន ខេត្តពោធិ៍សាត់ (Record no. 3229)

000 -LEADER
fixed length control field 00681nam a22001577a 4500
003 - CONTROL NUMBER IDENTIFIER
control field OSt
005 - DATE AND TIME OF LATEST TRANSACTION
control field 20151106152040.0
008 - FIXED-LENGTH DATA ELEMENTS--GENERAL INFORMATION
fixed length control field 151106b xxu||||| |||| 00| 0 eng d
040 ## - CATALOGING SOURCE
Transcribing agency RUA
082 ## - DEWEY DECIMAL CLASSIFICATION NUMBER
Classification number FOR LIM 2000 B126 Or.1
100 ## - MAIN ENTRY--PERSONAL NAME
9 (RLIN) 3459
Personal name LIM, HAK.
245 ## - TITLE STATEMENT
Title Unilization of non-timber forest of snampreah commune bakan district pursat province, ការប្រើប្រាស់ផល-អនុផលព្រៃឈើ របស់សហគមន៍ព្រៃឈើ ឃុំស្នាមព្រះ ស្រុកបាកាន ខេត្តពោធិ៍សាត់
260 ## - PUBLICATION, DISTRIBUTION, ETC. (IMPRINT)
Place of publication, distribution, etc. Phnom Penh
Name of publisher, distributor, etc. RUA
Date of publication, distribution, etc. 2000
300 ## - PHYSICAL DESCRIPTION
Extent 56p.
Other physical details ill.
Dimensions 29cm.
942 ## - ADDED ENTRY ELEMENTS (KOHA)
Source of classification or shelving scheme
Koha item type FOR
Holdings
Price effective from Date last seen Permanent Location Not for loan Date acquired Source of classification or shelving scheme Koha item type Lost status Withdrawn status Date last checked out Total Checkouts Shelving location Damaged status Barcode Current Location Full call number
2015-11-062019-04-02Library Block B 2015-11-06 FOR  2019-02-081B126 RUA002477Library Block BFOR LIM 2000 B126 Or.1
2015-11-062019-04-02Library Block B 2015-11-06 FOR  2019-03-182B126 RUA002405Library Block BFOR LIM 2000 B126 Or.2
មជ្ឈមណ្ឌលឯការនៃសាកលវិទ្យាល័យភូមិន្ទកសិកម្មចំការដូង

Powered by Koha